The 1975 - About You (Lyrics) - Statistics

General Stats
  • This quiz has been taken 968 times
  • The average score is 169 of 196
Answer Stats
Answer % Correct
a
100%
I
100%
you
100%
you?
100%
You
100%
About
99%
about
99%
remember
96%
the
96%
think
96%
and
94%
And
94%
do
94%
Do
94%
know
94%
in
93%
It's
93%
to
93%
that
92%
can't
90%
have
90%
forgotten?
89%
forgotten
89%
on
89%
Something
89%
something
89%
my
88%
thing
88%
miss
87%
place
87%
damn
86%
heart
86%
same
86%
morning
85%
train
85%
surrender
84%
now
83%
what
83%
your
83%
when
82%
go
81%
made
81%
never
79%
We
79%
we
79%
face
78%
There
78%
need
74%
somewhere
74%
our
70%
married
69%
get
68%
heads
66%
I'll
65%
was
62%
try
54%
how
49%
recall
47%
met
46%
pretend
45%
while
45%
just
44%
We're
44%
end
43%
eyes
43%
alive
41%
we'll
39%
look
38%
nothing
38%
back
37%
lay
37%
find
35%
way
35%
Hold
33%
Wait
33%
With
33%
could
31%
hope
30%
No matching quizzes found
Score Distribution
Percent of People with Each Score
Percentile by Number Answered
Your Score History
You have not taken this quiz